MARC

LEADER 00000nam0a2200000 4500
001 307428
005 20231102002007.0
020 |a RU  |b 83-55272 
035 |a (RuTPU)RU\TPU\book\332721 
090 |a 307428 
100 |a 20151020d1983 km y0rusy5003 ca 
101 0 |a rus 
102 |a UA 
105 |a y z 001zy 
200 1 |a Второе рождение материалов  |f Э. Г. Агабальянц 
210 |a Киев  |c Наукова думка  |d 1983 
215 |a 143 с. 
225 1 |a Научно-популярная литература 
320 |a Библиогр.: с. 142 
606 1 |a Материалы  |2 stltpush  |3 (RuTPU)RU\TPU\subj\41256  |9 61060 
610 1 |a природные материалы 
610 1 |a искусственные материалы 
610 1 |a синтетические материалы 
675 |a 620.22  |z rus  |v 4 
700 1 |a Агабальянц  |b Э. Г.  |g Эдуард Гаспарович  |4 070 
801 0 |a RU  |b RuMRKP  |c 19950704  |g psbo 
801 1 |a RU  |b 63413507  |c 20151020 
801 2 |a RU  |b 63413507  |c 20171012  |g RCR 
942 |c BK